Information hiding and multimedia security : IH & MMSec'15 ; proceedings of the 3rd ACM workshop, Portland, OR, USA, June 17-19, 2015 /
Saved in:
| Corporate Authors: | , |
|---|---|
| Format: | Conference Proceeding Book |
| Language: | English |
| Published: |
New York :
ACM - Association for Computing Machinery,
2015
|
| Subjects: | |
| ISBN: | 9781450336789 |
| Online Access: |
|
| Tags: |
Add Tag
No Tags, Be the first to tag this record!
|
MARC
| LEADER | 00000nam a2200000 4500 | ||
|---|---|---|---|
| 003 | SK-BrCVT | ||
| 005 | 20220618104248.0 | ||
| 006 | m e 000 0 | ||
| 007 | ta | ||
| 008 | 160113s2015 xxu e 000 0eng#d | ||
| 020 | |a 9781450336789 |c 20,00 | ||
| 035 | |a CVTIDW0055944 | ||
| 040 | |a CVTISR |b slo |c CVTISR |e AACR2 | ||
| 041 | 0 | |a eng | |
| 044 | |a xxu |c US | ||
| 080 | |a 004.032.6 |2 2008 | ||
| 110 | 2 | |a Association for Computing Machinery, ACM (New York City, USA) |4 org | |
| 245 | 1 | 0 | |a Information hiding and multimedia security : |b IH & MMSec'15 ; proceedings of the 3rd ACM workshop, Portland, OR, USA, June 17-19, 2015 / |c Association for Computing Machinery |h [elektronický zdroj] |
| 246 | 1 | 3 | |a IH & MMSec'15 |
| 260 | |a New York : |b ACM - Association for Computing Machinery, |c 2015 | ||
| 300 | |a 1 CD-ROM ; |c 13 cm | ||
| 500 | |a Názov z CD-ROM-u | ||
| 516 | |a Textový dokument | ||
| 538 | |a Technické požiadavky: Adobe Acrobat Reader DC | ||
| 538 | |a Technické požiadavky: Internet Explorer | ||
| 653 | 1 | |a multimédiá | |
| 655 | 7 | |a kompaktné disky (CD) |2 SNKPH | |
| 711 | 2 | |a Information hiding and multimedia security |d June 17-19, 2015 : |c Portland, OR, USA) | |
| 852 | |a CVTISR |b 1 | ||
| 910 | |b Z001287 | ||
| 919 | |a 978-1-4503-3678-9 | ||
| 959 | |a 18 | ||
| 974 | |a maria.Geracsekova |f Knihy | ||
| 992 | |a JDC | ||
| 992 | |a AZN | ||
| 999 | |c 250200 |d 250200 | ||

